| 000 -Etiqueta do registo | |
|---|---|
| campo de controlo de comprimento fixo | 007350000a22002410004500 |
| 001 - Identificador do registo | |
| Campo de controlo | 49005 |
| 010 ## - ISBN | |
| Número (ISBN) | 84-402-2032-4 |
| 100 ## - Dados Gerais de Proc. | |
| Dados gerais de processamento | 20100630d2010 k y0pory5003 ba |
| 101 0# - Língua da publicação | |
| Língua do texto, banda sonora, etc. | Português |
| 102 ## - País de Publicação | |
| País de publicação | Espanha |
| 200 1# - Título | |
| Título próprio | 20.000 léguas submarinas |
| Primeira menção de responsabilidade | Jules Verne |
| Outras menções de responsabilidade | rev. de Paulo Pina |
| 210 ## - Publicação, Distribuição | |
| Lugar da edição, distribuição, etc. | Barcelona |
| Nome do editor, distribuidor, etc. | Orbis |
| Data da publicação, distribuição, etc. | 1996 |
| 215 ## - Descrição física | |
| Descrição física | 42 p. |
| Outras indicações físicas | il. |
| 225 2# - Colecção | |
| Título próprio da colecção | Grandes clássicos de aventuias |
| 606 ## - Nome comum | |
| Koha Internal code | 2153 |
| Elemento de entrada | Literatura para crianças e jovens |
| 675 ## - CDU | |
| Notação | 087.5 |
| Edição | BN |
| Língua da edição | Português |
| 675 ## - CDU | |
| Notação | 821.133.1-311.6 |
| Língua da edição | Português |
| Edição | BN |
| 700 #1 - Responsabilidade principal | |
| Koha Internal Code | 46735 |
| Palavra de ordem | Verne |
| Outra parte do nome | Jules |
| Datas | 1828-1905 |
| 702 #1 - Responsabilidade secundária | |
| Koha Internal Code | 36623 |
| Código de função | Revisor |
| Palavra de ordem | Pina |
| Outra parte do nome | Paulo |
| 801 ## - Fonte de origem | |
| País | Portugal |
| Data da última transacção | 20100630 |
| 090 ## - Números de controlo do sistema (Koha) | |
| Número biblioitem do Koha (gerado automaticamente) | 49005 |
| 942 ## - Elementos de entrada adicionados (Koha) | |
| Tipo de item no Koha | Monografias |
| Suprimido | Disponível no OPAC |
| 999 ## - Campo local | |
| Campo local | 49005 |
| Removido (estado) | Perdido (estado) | Data de aquisição | Origem do registo (biblioteca) (codificado) | Código da organização que empresta ou é detentora (biblioteca) | Código de barras | Número de inventário | Cota | Tipo de circulação (não pode ser emprestado) | Tipo de item e material |
|---|---|---|---|---|---|---|---|---|---|
| Disponível | Disponível | 2010-06-30 | Biblioteca EB23 D. Paio Peres Correia | Biblioteca EB23 D. Paio Peres Correia | BEBDPPC2501 | 2501 | 82.03-31 GRA | Normal | Monografias |